000 00319nam a22001337a 4500
005 20260225152106.0
020 _a978-81-19523-50-4
082 _a578.77BER/M
245 _aMarine Genomics/
_ced by Kim Berg
260 _a.-Newdelhi
_b:DPH
_c,2024
300 _a249p
700 _aBerg,Kim (ed)
_910968
942 _2ddc
_cBK
999 _c757041
_d757041